राज्यक्रांती (Record no. 324309)

MARC details
000 -LEADER
fixed length control field 00506nam a2200169Ia 4500
008 - FIXED-LENGTH DATA ELEMENTS--GENERAL INFORMATION
fixed length control field 090711s9999 xx 000 0 und d
082 ## - DEWEY DECIMAL CLASSIFICATION NUMBER
Item number 60793
100 ## - MAIN ENTRY--PERSONAL NAME
Personal name धुमकेतू
245 ## - TITLE STATEMENT
Title राज्यक्रांती
300 ## - PHYSICAL DESCRIPTION
Extent 125
600 ## - SUBJECT ADDED ENTRY--PERSONAL NAME
Personal name धुमकेतू
630 ## - SUBJECT ADDED ENTRY--UNIFORM TITLE
Uniform title राज्यक्रांती
700 ## - ADDED ENTRY--PERSONAL NAME
Personal name धर्माधिकारी भाऊ
700 ## - ADDED ENTRY--PERSONAL NAME
Personal name धुमकेतू
730 ## - ADDED ENTRY--UNIFORM TITLE
Uniform title राज्यक्रांती
942 ## - ADDED ENTRY ELEMENTS (KOHA)
Koha item type Book

No items available.